| 000 | 01366nam0a2200313 4500 | ||
|---|---|---|---|
| 001 | RU\NLR\b_ik\110615 | ||
| 005 | 20250616225323.0 | ||
| 035 | _a(NLR Aleph) 002184336 | ||
| 090 |
_a2825837 _c2825837 |
||
| 100 | _a20040413d2003 |||y0rusy50 ca | ||
| 101 | 0 |
_aeng _drus |
|
| 102 | _aRU | ||
| 105 | _ay ||||||||| | ||
| 200 | 1 |
_aEffects of fluid inertia on the dynamics of polymers in dilute solutions _fV. Lisy, J. Tothova, A.V. Zatovsky |
|
| 210 |
_aДубна _cОбъед. ин-т ядер. исслед. _d2003 |
||
| 215 |
_a11 с. _d22 |
||
| 225 | 1 |
_aСообщения Объединенного института ядерных исследований, Дубна _vЕ17-2003-153 |
|
| 300 | _aНа 3-й с. обл.: Влияние инерционных свойств жидкости на динимику полимеров в разбавленных растворах / Лисы В., Тотова Й., Затовский А.В. | ||
| 300 | _aРез. на рус. яз | ||
| 320 | _aБиблиогр.: с. 11 | ||
| 606 | 0 |
_aПолимеры _xРастворы разбавленные _xТечение _92013940 _3RU\NLR\AUTH\66926296 |
|
| 686 | 4 | _aГ713.61 | |
| 700 | 1 |
_aLisy _bV. _gV _4070 |
|
| 701 | 1 |
_aTothova _bJ. _gJ _4070 |
|
| 701 | 1 |
_aZatovskij _bA. V. _gA.V. _4070 |
|
| 801 | 0 |
_aRU _bNLR _c20040413 _gPSBO |
|
| 942 | _cBOOK | ||
| 980 | _aNB | ||